| 000 | 01378nam a22003017a 4500 | ||
|---|---|---|---|
| 001 | 0000000626 | ||
| 003 | PPM | ||
| 005 | 20260115115532.0 | ||
| 008 | 260115b ||||| |||| 00| 0 eng d | ||
| 020 |
_cRM 89.00 _qHardback |
||
| 035 | _a0000000626 | ||
| 040 |
_aPPM _bEng _cPusat Penyelidikan Mineral, Jabatan Mineral Dan Geosains Malaysia, _dPPM _erda |
||
| 082 | 0 | 0 |
_219 _a624 _bPRO 1974 |
| 245 | 1 | 4 |
_aProceedings : Volume 1 - Rapid Excavation and Tunneling Conference San Francisco, California, June 24 - 27, 1974 / _cedited by Harry C. Pattison, Elio D'Appolonia |
| 260 | 1 |
_aNew York : _bSociety of Mining Engineers of the American Institute of Mining, Metallurgical, and Petroleum Engineers, _c1974 |
|
| 300 | 0 | 0 |
_axiii, 954 pages .: _btable, illustrations .; _c23 cm |
| 500 | _a Issued by: Society of Mining Engineers of AIME, 1974-1987; by: Society for Mining, Metallurgy, and Exploration, 1989 | ||
| 504 | _aIncludes bibliographical references and indexs | ||
| 650 | 1 | 0 |
_aTunneling . _xCongresses |
| 650 | 2 | 0 |
_aExcavation _xCongresses |
| 650 | 2 | 0 |
_aUnderground construction _xCongresses |
| 700 | 1 |
_aPattison, Harry C. _eauthor |
|
| 700 | 1 |
_aD'Appolonia, Elio _eauthor |
|
| 711 | 2 | _aAmerican Society of Civil Engineers | |
| 711 | 2 | _a Society of Mining Engineers of AIME | |
| 711 | 2 | _aSociety for Mining, Metallurgy, and Exploration (U.S.) | |
| 942 |
_2ddc _cBK |
||
| 999 |
_c27085 _d27085 |
||